| 000 | 00630nam a2200193 a 4500 | ||
|---|---|---|---|
| 005 | 20250620063846.0 | ||
| 008 | 991125c1994 par 000 0 spa u | ||
| 020 | _a9264341455 | ||
| 035 | _aUPN01000022778 | ||
| 049 | _aCG | ||
| 050 | 4 |
_aHD5707.5 _bE8.7 |
|
| 245 | 0 | 0 |
_aEstudio de la OCDE sobre el empleo : _bhechos análisis estrategias / _cOrganización de Cooperación y Desarrollo Económicos. |
| 260 |
_aParís : _bOCDE, _c1994. |
||
| 300 |
_a53 p. : _bgráfs., col. |
||
| 520 | _a"El empleo, bajo el prisma de la OCDE 1950-1945" | ||
| 650 | 2 |
_aDesempleo _915441 |
|
| 650 | 4 |
_aEMPLEO - _xPRONOSTICOS _920575 |
|
| 905 | _aLibro | ||
| 999 |
_c22778 _d22778 |
||